| 000 | 02063nam a22003017a 4500 | ||
|---|---|---|---|
| 001 | 9390 | ||
| 003 | FISKH | ||
| 005 | 20251218111019.0 | ||
| 008 | 251218b cb ||||| |||| 00| 0 eng d | ||
| 020 | _a9789995053970 | ||
| 040 |
_aFISKH _bkhr _cFISKH _dFISKH |
||
| 050 | _aPZ7 | ||
| 082 | _a895.93 | ||
| 100 | _aPisotheary , Keo | ||
| 245 |
_aខោអាវថ្មីខ្ញុំ / _cអ្នកនិពន្ធ លោកស្រីកែវ ពិសុទ្ធារី , អ្នករៀបរៀង អង្គការរូមធូរីតកម្ពុជា |
||
| 260 |
_aភ្នំពេញ : _bអង្គការរូមធូរីតកម្ពុជា , _c2011. |
||
| 300 |
_a14 pages : _bcolor illustrations ; _c25 cm . |
||
| 505 | _aG | ||
| 520 | _aជិតដល់ថ្ងៃបុណ្យចូលឆ្នាំថ្មី បងស្រីបានទិញខោអាវថ្មីអោយខ្ញុំ ។ ខ្ញុំស្រលាញ់អាវពណ៏នេះណាស់ ប៉ុន្តែវាធំពេក ។ ចង្កេះខោត្រូវនឹងខ្ញុំល្មម ប៉ុន្តែជើងខោវែងពេក ។ តើខ្ញុំត្រូវធ្វើយ៉ាងណាដើម្បីបានស្លៀកខោអាវនេះនៅថ្ងៃចូលឆ្នាំថ្មីខាងមុខនេះ ? | ||
| 520 | _aSister has bought me new clothes in the New Year Celebration ! I love the color of my new shirt, but it's much too big to wear . My new trousers fit perfectly in the waist , but the pants length is too long . What should I do? I want to wear my new clothes for the New Year . | ||
| 521 | 8 |
_a350
_bLexile |
|
| 521 | 8 |
_aG
_bRaz-Plus |
|
| 650 |
_aខោអាវថ្មីខ្ញុំ _vរឿងនិទានកុមារ |
||
| 650 |
_aMy new clothes _vChildren's Stories |
||
| 700 |
_aChakrya , So _eIllustrator |
||
| 942 |
_2ddc _cKHB _n0 |
||
| 999 |
_c9390 _d9390 |
||